LEADER 01230nam0 2200313 i 450 001 LO10498011 005 20231121125521.0 010 $a8843013637 020 $aIT$b2000-9649 100 $a20101202d1999 ||||0itac50 ba 101 | $aita 102 $ait 181 1$6z01$ai $bxxxe 182 1$6z01$an 200 1 $a˜La œsocialdemocrazia europea tra le due guerre$edall'organizzazione della pace alla Resistenza al fascismo, 1923-1936$fLeonardo Rapone 210 $aRoma$cCarocci$d1999 215 $a431 p.$d22 cm. 225 | $aRicerche$v39 410 0$1001PUV0313719$12001 $aRicerche$v39 700 1$aRapone$b, Leonardo$3CFIV061534$4070$0141749 801 3$aIT$bIT-01$c20101202 850 $aIT-RM0460 $aIT-FR0017 899 $aBiblioteca Dell' Archivio Centrale Dello Stato$bRM0460 899 $aBiblioteca umanistica Giorgio Aprea$bFR0017 912 $aLO10498011 950 0$aBiblioteca umanistica Giorgio Aprea$d 52CIS 6/2358$e 52VM 0000166905 VM barcode:00058232. - Inventario:22226 FLSVM$fA $h20020429$i20121204 977 $a 27$a 52 996 $aSocialdemocrazia europea tra le due guerre$9649552 997 $aUNICAS